=LDR 00000nam 2200000 4500 =001 INLIS000000000062014 =005 20230309022852 =035 ##$$a 0010-0323000026 =007 ta =008 230309################g##########0#ind## =020 ##$$a 978-602-296-203-8 =082 ##$$a 297.54 =084 ##$$a 297.54 AMR a =100 #$$a Amrin Ra'uf =245 1#$$a Ampuhnya Fadhilah Dzikir dan Doa Setelah Shalat Fardhu dan Sunnah /$c Amrin Ra'uf =250 ##$$a cet 1 =260 ##$$a Yogyakarta :$b Saufa,$c 2016 =300 ##$$a 124 halaman ; $c 20 cm =650 #4$$a Do'a dan Dzikir =990 ##$$a 01410141